The making of the earth / (Record no. 75363)
[ view plain ]
| 000 -LEADER | |
|---|---|
| campo de control de longitud fija | 00476nam a2200157 i 4500 |
| 001 - NÚMERO DE CONTROL | |
| campo de control | 75363 |
| 003 - IDENTIFICADOR DE NÚMERO DE CONTROL | |
| campo de control | ES-MaACL |
| 005 - FECHA Y HORA DE LA ÚLTIMA TRANSACCIÓN | |
| campo de control | 20230906172426.0 |
| 007 - CAMPO FIJO DE DESCRIPCIÓN FÍSICA--INFORMACIÓN GENERAL | |
| campo de control de longitud fija | t| |
| 008 - DATOS DE LONGITUD FIJA--INFORMACIÓN GENERAL | |
| campo de control de longitud fija | 040923q1912 xxk ||||1| eng d |
| 100 1# - ENTRADA PRINCIPAL--NOMBRE DE PERSONA | |
| Nombre de persona | Gregory, John Walter. |
| 9 (RLIN) | 59920 |
| 245 14 - MENCIÓN DEL TÍTULO | |
| Título | The making of the earth / |
| Mención de responsabilidad, etc. | by J. W. Gregory. |
| 260 ## - PUBLICACIÓN, DISTRIBUCIÓN, ETC. | |
| Lugar de publicación, distribución, etc. | London : |
| Nombre del editor, distribuidor, etc. | Williams and Norgate, |
| Fecha de publicación, distribución, etc. | [1912?] ( |
| Lugar de fabricación/manufactura | Suffolk : |
| Fabricante | Richard Clay and Sons) |
| 300 ## - DESCRIPCIÓN FÍSICA | |
| Extensión | VIII, 247 p. : |
| Otras características físicas | il. ; |
| Dimensiones | 17 cm. |
| 852 ## - LOCALIZACIÓN | |
| Ubicación | ES-MaACL |
| Número de control de estantería | C-3099 |
| Estatus retirado | Estado de pérdida | Estado de daño | No para préstamo | Biblioteca de origen | Biblioteca actual | Ubicación en estantería | Fecha de adquisición | Fuente de adquisición | Total de préstamos | Signatura topográfica completa | Código de barras | Visto por última vez | Precio de reemplazo | Tipo de ítem Koha |
|---|---|---|---|---|---|---|---|---|---|---|---|---|---|---|
| Biblioteca del Ateneo de Madrid | Biblioteca del Ateneo de Madrid | Sala Palomar | 17/01/2008 | C-3099 | 1078879 | 23/02/2023 | 23/02/2023 | Libro impreso |
